000 00350pam a2200157a 44500
008 230515b1997 xxu||||| |||| 00| 0 eng d
020 _aNULL
041 _aENGL
082 _a660 REN
100 _aRENT J.A.
245 _aHANDBOOK OF INDUSTRIAL CHEMISTRY
250 _aN.D.
260 _aNULL
_bC.B.S
_c1997
300 _a286 PB
650 _aNULL
999 _c631841
_d631841